L'art cinématographique. (Record no. 182237)

MARC details
000 -LEADER
campo de control de longitud fija 00957nam a2200241 i 4500
001 - NÚMERO DE CONTROL
campo de control 182237
003 - IDENTIFICADOR DE NÚMERO DE CONTROL
campo de control ES-MaACL
005 - FECHA Y HORA DE LA ÚLTIMA TRANSACCIÓN
campo de control 20250829062549.0
008 - DATOS DE LONGITUD FIJA--INFORMACIÓN GENERAL
campo de control de longitud fija 130723s1927 fr |||| | fre d
245 02 - MENCIÓN DEL TÍTULO
Título L'art cinématographique.
Número de parte o sección de la obra III /
Mención de responsabilidad, etc. André Maurois, Émile Vuillermoz, André Lang, André Berge.
260 ## - PUBLICACIÓN, DISTRIBUCIÓN, ETC.
Lugar de publicación, distribución, etc. Paris :
Nombre del editor, distribuidor, etc. Félix Alcan,
Fecha de publicación, distribución, etc. 1927.
300 ## - DESCRIPCIÓN FÍSICA
Extensión 149 p., VIII h. de lám. ;
Dimensiones 19 cm.
505 8# - NOTA DE CONTENIDO CON FORMATO
Nota de contenido con formato Contiene: Maurois, André. La poésie du cinéma. - Vuillermoz, Emile. La musique des images. - Lang, André. Théâtre et cinéma. - Berge, André. Cinéma et littérature
650 07 - PUNTO DE ACCESO ADICIONAL DE MATERIA--TÉRMINO DE MATERIA
Término de materia o nombre geográfico como elemento de entrada Cine
Fuente del encabezamiento o término embne
9 (RLIN) 11010
650 #7 - PUNTO DE ACCESO ADICIONAL DE MATERIA--TÉRMINO DE MATERIA
Término de materia o nombre geográfico como elemento de entrada Estética cinematográfica
Fuente del encabezamiento o término embne
9 (RLIN) 12542
650 #4 - PUNTO DE ACCESO ADICIONAL DE MATERIA--TÉRMINO DE MATERIA
Término de materia o nombre geográfico como elemento de entrada Arte-
Subdivisión general En el cine.
9 (RLIN) 153070
700 1# - ENTRADA AGREGADA--NOMBRE PERSONAL
Nombre de persona Maurois, André,
Fechas asociadas al nombre 1885-1967
9 (RLIN) 79267
700 1# - ENTRADA AGREGADA--NOMBRE PERSONAL
Nombre de persona Vuillermoz, Émile.
9 (RLIN) 141427
700 1# - ENTRADA AGREGADA--NOMBRE PERSONAL
Nombre de persona Lang, André.
9 (RLIN) 153073
700 1# - ENTRADA AGREGADA--NOMBRE PERSONAL
Nombre de persona Berge, A.
9 (RLIN) 27940
852 ## - LOCALIZACIÓN
Ubicación ES-MaACL
Número de control de estantería C-7030
Holdings
Estatus retirado Estado de pérdida Estado de daño No para préstamo Biblioteca de origen Biblioteca actual Ubicación en estantería Fecha de adquisición Fuente de adquisición Total de préstamos Signatura topográfica completa Código de barras Visto por última vez Precio de reemplazo Tipo de ítem Koha
        Biblioteca del Ateneo de Madrid Biblioteca del Ateneo de Madrid Sala Palomar 23/07/2013     C-7030 1191512 23/02/2023 23/02/2023 Libro impreso